Normal view
MARC view
Entry Personal Name
001 - CONTROL NUMBER
- control field: 23855
003 - CONTROL NUMBER IDENTIFIER
- control field: OSt
005 - DATE AND TIME OF LATEST TRANSACTION
- control field: 20230524201357.0
008 - FIXED-LENGTH DATA ELEMENTS
- fixed length control field: 230524|| aca||aabn | a|a d
040 ## - CATALOGING SOURCE
- Original cataloging agency: OSt
- Transcribing agency: OSt
100 ## - HEADING--PERSONAL NAME
- Personal name: N.V.Bhagavan
670 ## - SOURCE DATA FOUND
- Source citation: Work cat.: (OSt)35327: N.V.Bhagavan, Medical Biochemistry (4th ed.), 2004
